Score 0/12 Timer 05:00
0 Plays Today
# Answer % Correct
2May 5th
93.2%
3France
86.5%
7Texas
85.3%
11American Civil War
58.7%
5debts
57.3%
1Puebla
53.8%
4United Kingdom and Spain
47.5%
9execution
46.8%
12September 16
43.4%
6Zaragoza
34.5%
8Maximilian I of Mexico
29.5%
10Benito Juárez
27.7%
Remove Ads.
Support Sporcle.
Get the best of Sporcle when you Go Orange. This ad-free experience offers more features, more stats, and more fun while also helping to support Sporcle. Thank you for becoming a member.

You're not logged in!

Compare scores with friends on all Sporcle quizzes.
OR
Log In

Sporcle TV

Today on Sporcle TV


Watch our educational content, quiz creation guides, and fun videos on Sporcle TV.

Show Comments

Extras

Top Quizzes Today


Score Distribution

Paid Content

Your Account Isn't Verified!

In order to create a playlist on Sporcle, you need to verify the email address you used during registration. Go to your Sporcle Settings to finish the process.

Report this User

Report this user for behavior that violates our Community Guidelines.

Details: